|
|
|
|
| LEADER |
02320nam a22003973i 4500 |
| 001 |
EBC30353064 |
| 003 |
MiAaPQ |
| 005 |
20231204023229.0 |
| 006 |
m o d | |
| 007 |
cr cnu|||||||| |
| 008 |
231204s2022 xx o ||||0 eng d |
| 020 |
|
|
|a 9781478092728
|q (electronic bk.)
|
| 020 |
|
|
|z 9781478018858
|
| 035 |
|
|
|a (MiAaPQ)EBC30353064
|
| 035 |
|
|
|a (Au-PeEL)EBL30353064
|
| 035 |
|
|
|a (OCoLC)1394117141
|
| 040 |
|
|
|a MiAaPQ
|b eng
|e rda
|e pn
|c MiAaPQ
|d MiAaPQ
|
| 050 |
|
4 |
|a RA772
|
| 082 |
0 |
|
|a 363.125650954792
|
| 100 |
1 |
|
|a Solomon, Harris.
|
| 245 |
1 |
0 |
|a Lifelines :
|b The Traffic of Trauma.
|
| 250 |
|
|
|a 1st ed.
|
| 264 |
|
1 |
|a Durham :
|b Duke University Press,
|c 2022.
|
| 264 |
|
4 |
|c Ã2022.
|
| 300 |
|
|
|a 1 online resource (305 pages)
|
| 336 |
|
|
|a text
|b txt
|2 rdacontent
|
| 337 |
|
|
|a computer
|b c
|2 rdamedia
|
| 338 |
|
|
|a online resource
|b cr
|2 rdacarrier
|
| 505 |
0 |
|
|a Cover -- Contents -- Note on Illustrations -- Acknowledgments -- Introduction: The Traffic of Trauma -- 1. Carrying: The Lifelines of Transfer -- 2. Shifting: The Lifelines of Triage -- 3. Visiting: The Lifelines of Home -- 4. Tracing: The Lifelines of Identification -- Seeing: The Lifelines of Surgery -- 5. Breathing: The Lifelines of Ventilation -- 6. Dissecting: The Lifelines of Forensics -- 7. Recovering: The Lifelines of Discharge -- Epilogue: The Traffic of Medicine -- Notes -- References -- Index -- A -- B -- C -- D -- E -- F -- G -- H -- I -- J -- K -- L -- M -- N -- O -- P -- Q -- R -- S -- T -- U -- V -- W -- Z.
|
| 520 |
|
|
|a Harris Solomon takes readers into the trauma ward of one of Mumbai's busiest public hospitals, narrating the stories of the patients, providers, families, and frontline workers who experience and treat traumatic injury from traffic.
|
| 588 |
|
|
|a Description based on publisher supplied metadata and other sources.
|
| 590 |
|
|
|a Electronic reproduction. Ann Arbor, Michigan : ProQuest Ebook Central, 2023. Available via World Wide Web. Access may be limited to ProQuest Ebook Central affiliated libraries.
|
| 655 |
|
4 |
|a Electronic books.
|
| 776 |
0 |
8 |
|i Print version:
|a Solomon, Harris
|t Lifelines
|d Durham : Duke University Press,c2022
|z 9781478018858
|
| 797 |
2 |
|
|a ProQuest (Firm)
|
| 856 |
4 |
0 |
|u https://ebookcentral.proquest.com/lib/matrademy/detail.action?docID=30353064
|z Click to View
|